000 00384nam a2200169Ia 4500
003 GCL
008 140319s9999 xx 000 0 eng d
040 _aGCL /
_cGCL
082 0 4 _ap
_b050
_bLL
100 1 _aLE MONDE
245 1 0 _aLE MOND DIPLOMATIQUE /
_cLE MONDE
260 _a[S.N] :
_bLE MOND
300 _a32
650 0 4 _aPERIODICALS
650 0 4 _aLE MONDE
942 _2ddc
_cCR
999 _c25785
_d25785